| 000 | 00856nam0a22002651 4500 | ||
|---|---|---|---|
| 001 | RU\NLR\A2\5464 | ||
| 005 | 20251203171251.9 | ||
| 035 | _a(NLR Aleph) 009858984 | ||
| 090 |
_a10378066 _c10378066 |
||
| 100 | _a19970905d1767 u y0rusy50 ca | ||
| 101 | 1 |
_aeng _crus |
|
| 102 | _aRU | ||
| 200 | 1 |
_aA Tariff, or Book of rates, of the customs to be levied, on goods imported and exported, at the port and frontier custom-houses _eTranslated from the Russ. |
|
| 210 |
_aSt. Petersburg [St.- Peterburg] _cPrinted at the Imperial Academy of sciences _d1767 |
||
| 215 |
_a97 с. _d4° |
||
| 321 | 1 | _aСК XVIII(ин.) 2840 | |
| 620 | _dSt.- Peterburg | ||
| 710 | 0 | 2 |
_aAcademy of sciences _cPetersburg _4160 |
| 801 | 0 |
_aRU _bNLR _c19970905 |
|
| 852 |
_aNLR _bRossica _j13.9.8.29 |
||
| 942 | _cBOOK | ||
| 980 | _aNB | ||
| 980 | _aRossica | ||
| 980 | _ain18 | ||